[Event "11th EUR-ch"]
[Site "Rijeka CRO"]
[Date "2010.03.17"]
[Round "11"]
[White "Stefansson, Hannes"]
[Black "Womacka, Mathias"]
[Result "1-0"]
[WhiteElo "2574"]
[BlackElo "2452"]
[EventDate "2010.03.06"]
[PlyCount "69"]

1.d4 Nf6 2.c4 e6 3.Nf3 c5 4.d5 exd5 5.cxd5 d6 6.Nc3 g6 7.e4 Bg7 8.Bd3 O-O 
9.O-O Bg4 10.h3 Bxf3 11.Qxf3 Nbd7 12.Qd1 a6 13.Bf4 Ne8 14.a4 Rb8 15.Qc2 
Ne5 16.Be2 Nc7 17.Rfd1 b5 18.axb5 axb5 19.Ra7 c4 20.b4 cxb3 21.Qxb3 b4 22.
Na2 Nb5 23.Bxb5 Rxb5 24.Bd2 Qh4 25.Re1 f5 26.exf5 Rxf5 27.Ra8+ Rf8 28.
Rxf8+ Bxf8 29.f4 Nd7 30.Nxb4 Nf6 31.Qe3 Kg7 32.Bc3 Rc5 33.Nc6 Rxd5 34.Nd8 
Rf5 35.g4 1-0

[Event "11th EUR-ch"]
[Site "Rijeka CRO"]
[Date "2010.03.17"]
[Round "11"]
[White "Ruck, Robert"]
[Black "Neubauer, Martin"]
[Result "1-0"]
[WhiteElo "2570"]
[BlackElo "2465"]
[EventDate "2010.03.06"]
[PlyCount "54"]

1.Nf3 d5 2.d4 Nf6 3.c4 c6 4.Nbd2 Bf5 5.Nh4 Be4 6.e3 e6 7.Be2 h6 8.O-O Bh7 
9.Nhf3 Nbd7 10.a3 Bd6 11.b4 O-O 12.Bb2 Qb8 13.h3 b5 14.c5 Bc7 15.a4 a6 16.
Ra3 Ne4 17.Qb3 Qd8 18.axb5 axb5 19.Rxa8 Qxa8 20.Ra1 Nxd2 21.Nxd2 Qb7 22.
Qa2 Bc2 23.Bc3 Be4 24.Qb2 Ra8 25.Nb1 Ra7 26.Bd2 Bb8 27.Nc3 Qa8 1-0

[Event "11th EUR-ch"]
[Site "Rijeka CRO"]
[Date "2010.03.17"]
[Round "11"]
[White "Sedlak, Nikola"]
[Black "Dvirnyy, Danyyil"]
[Result "1/2-1/2"]
[WhiteElo "2570"]
[BlackElo "2450"]
[EventDate "2010.03.06"]
[PlyCount "62"]

1.e4 e6 2.Nf3 d5 3.e5 c5 4.b4 cxb4 5.a3 Nc6 6.axb4 Bxb4 7.c3 Be7 8.d4 Nh6 
9.Bd3 Nf5 10.h4 h5 11.Na3 a6 12.Bg5 Bd7 13.Nc2 Rc8 14.Ne3 g6 15.Bxf5 gxf5 
16.c4 Nb4 17.cxd5 Bb5 18.Bxe7 Qxe7 19.d6 Qd8 20.Qb3 Nd3+ 21.Kd2 Nxf2 22.
Ng5 O-O 23.Rhc1 Qb6 24.Nc2 Rc4 25.Qe3 Ng4 26.Qf4 Ba4 27.Nxe6 fxe6 28.Qg5+ 
Kh8 29.Qxh5+ Kg8 30.Qg5+ Kh8 31.Qh5+ Kg8 1/2-1/2

[Event "11th EUR-ch"]
[Site "Rijeka CRO"]
[Date "2010.03.17"]
[Round "11"]
[White "Jankovic, Alojzije"]
[Black "Sale, Srdjan"]
[Result "1-0"]
[WhiteElo "2569"]
[BlackElo "2396"]
[EventDate "2010.03.06"]
[PlyCount "111"]

1.d4 Nf6 2.c4 Nc6 3.Nc3 e5 4.d5 Ne7 5.Nf3 Ng6 6.h4 h5 7.Bg5 Bb4 8.Qc2 a5 
9.e3 d6 10.Bd3 Ne7 11.a3 Bxc3+ 12.Qxc3 Nd7 13.e4 Nc5 14.Bc2 a4 15.Nd2 f6 
16.Be3 b6 17.O-O-O Bd7 18.g3 Qb8 19.f4 Qa7 20.Rdg1 Qa5 21.Nb1 c6 22.Qxa5 
Rxa5 23.dxc6 Nxc6 24.Rd1 Ke7 25.Nc3 Be6 26.Nd5+ Bxd5 27.exd5 Nb8 28.g4 
Nbd7 29.Rhg1 Kf8 30.g5 e4 31.Bd4 b5 32.Bc3 Ra8 33.cxb5 Rb8 34.Rd4 fxg5 35.
Rxg5 Nf6 36.Bxa4 Nd3+ 37.Kd2 Nxf4 38.Rf5 Ng6 39.Rxe4 Kf7 40.Bxf6 gxf6 41.
Re6 Ne5 42.Rfxf6+ Kg7 43.Rf4 Rhf8 44.Rxf8 Rxf8 45.Bd1 Rf4 46.Be2 Rd4+ 47.
Ke3 Rxd5 48.b6 Kf7 49.b7 Nd7 50.Bc4 Kxe6 51.Kf4 Nb8 52.Ke4 Kd7 53.Kxd5 Kc7
54.Bb5 Kxb7 55.Kxd6 Kb6 56.a4 1-0

[Event "11th EUR-ch"]
[Site "Rijeka CRO"]
[Date "2010.03.17"]
[Round "11"]
[White "Iakemov, Vladimir"]
[Black "Iotov, Valentin"]
[Result "1-0"]
[WhiteElo "2463"]
[BlackElo "2568"]
[EventDate "2010.03.06"]
[PlyCount "100"]

1.e4 c5 2.c3 Nf6 3.e5 Nd5 4.d4 cxd4 5.Nf3 e6 6.cxd4 d6 7.Bc4 Nc6 8.O-O Be7
9.a3 O-O 10.Qe2 Bd7 11.Bd3 Rc8 12.h4 f5 13.exf6 Nxf6 14.b4 Qe8 15.Bb2 Qh5 
16.Nbd2 a6 17.Rae1 Qg4 18.Ng5 Qxe2 19.Rxe2 Nd8 20.Rfe1 h6 21.Nge4 Nd5 22.
g3 Bb5 23.Bxb5 axb5 24.f4 Rc2 25.Nf1 Rxe2 26.Rxe2 Nc6 27.Ne3 Nxe3 28.Rxe3 
Rf5 29.Rd3 Rd5 30.Kf2 Bd8 31.Ke2 Bb6 32.Nc3 Rf5 33.d5 Nd4+ 34.Ke3 e5 35.
Ke4 exf4 36.gxf4 Rf8 37.Rxd4 Bxd4 38.Kxd4 Rxf4+ 39.Ke3 Rxh4 40.Nxb5 Rh3+ 
41.Ke4 Rb3 42.Bd4 h5 43.Nxd6 h4 44.Nxb7 h3 45.Be5 Rb1 46.d6 Rd1 47.Nc5 
Re1+ 48.Kd5 Kf7 49.d7 Rd1+ 50.Kc6 Ke7 1-0

[Event "11th EUR-ch"]
[Site "Rijeka CRO"]
[Date "2010.03.17"]
[Round "11"]
[White "Kalegin, Evgeny"]
[Black "Grigoriants, Sergey"]
[Result "1/2-1/2"]
[WhiteElo "2456"]
[BlackElo "2562"]
[EventDate "2010.03.06"]
[PlyCount "30"]

1.e4 c5 2.Nf3 e6 3.Nc3 a6 4.d4 cxd4 5.Nxd4 d6 6.Bd3 Nf6 7.O-O Be7 8.f4 O-O
9.Kh1 Qc7 10.Qf3 Nbd7 11.Bd2 Nc5 12.b4 Nxd3 13.cxd3 Qb6 14.Nb3 Bd7 15.a3 
Rac8 1/2-1/2

[Event "11th EUR-ch"]
[Site "Rijeka CRO"]
[Date "2010.03.17"]
[Round "11"]
[White "Butnorius, Algimantas"]
[Black "Solak, Dragan"]
[Result "0-1"]
[WhiteElo "2437"]
[BlackElo "2553"]
[EventDate "2010.03.06"]
[PlyCount "74"]

1.d4 d5 2.c4 c6 3.Nf3 Nf6 4.Nc3 dxc4 5.a4 Bf5 6.e3 e6 7.Bxc4 Nbd7 8.O-O 
Bb4 9.Qe2 Bg4 10.Rd1 Qa5 11.Na2 Be7 12.Bd2 Qh5 13.h3 Bxf3 14.Qxf3 Qxf3 15.
gxf3 g5 16.b4 h5 17.b5 c5 18.Bc3 Nb6 19.Bb3 c4 20.Bc2 g4 21.hxg4 hxg4 22.
Kg2 Nbd5 23.Rh1 Kd7 24.fxg4 Nxg4 25.Kf3 f5 26.Rag1 Rag8 27.Ke2 Ngxe3 28.
Bb1 Rxg1 29.Rxg1 Ng4 30.Bd2 Rh2 31.Rf1 Bh4 32.Nb4 Nxf2 33.Kf3 Ne4 34.Bxe4 
fxe4+ 35.Kg4 Rxd2 36.Nxd5 exd5 37.Kxh4 c3 0-1

[Event "11th EUR-ch"]
[Site "Rijeka CRO"]
[Date "2010.03.17"]
[Round "11"]
[White "Loncar, Robert"]
[Black "Zelcic, Robert"]
[Result "1/2-1/2"]
[WhiteElo "2424"]
[BlackElo "2547"]
[EventDate "2010.03.06"]
[PlyCount "20"]

1.e4 g6 2.d4 Bg7 3.Nc3 c5 4.Nf3 cxd4 5.Nxd4 Nc6 6.Be3 d6 7.Be2 Nf6 8.Nb3 
O-O 9.O-O a6 10.a4 Be6 1/2-1/2

[Event "11th EUR-ch"]
[Site "Rijeka CRO"]
[Date "2010.03.17"]
[Round "11"]
[White "Mihok, Oliver"]
[Black "Neverov, Valeriy"]
[Result "0-1"]
[WhiteElo "2403"]
[BlackElo "2542"]
[EventDate "2010.03.06"]
[PlyCount "80"]

1.e4 c5 2.Nf3 e6 3.d4 cxd4 4.Nxd4 a6 5.Nc3 Qc7 6.Bd3 Nf6 7.O-O Bc5 8.Nb3 
Ba7 9.Qf3 Nc6 10.Bf4 d6 11.Be2 Ne5 12.Qg3 O-O 13.Rad1 Ne8 14.a4 Bd7 15.Rd2
Rc8 16.Rfd1 f6 17.h4 Qd8 18.h5 Kh8 19.Bf1 Nf7 20.Be3 Bxe3 21.Qxe3 e5 22.
Nc1 f5 23.exf5 Nh6 24.Bd3 Qh4 25.Be4 Nxf5 26.Bxf5 Rxf5 27.N1e2 Rxh5 28.Ng3
Rh6 29.Qf3 Qh2+ 30.Kf1 Rf6 31.Qxb7 Rc7 32.Qb8 Rxc3 33.Rxd6 Rxg3 34.Rxf6 
Qxg2+ 35.Ke1 gxf6 36.fxg3 Qxg3+ 37.Kd2 Qf4+ 38.Kc3 Qxa4 39.Qd8 Bf5 40.b3 
Qc6+ 0-1

[Event "11th EUR-ch"]
[Site "Rijeka CRO"]
[Date "2010.03.17"]
[Round "11"]
[White "Kozlitin, Roman"]
[Black "Jovanic, Ognjen"]
[Result "1-0"]
[WhiteElo "2344"]
[BlackElo "2538"]
[EventDate "2010.03.06"]
[PlyCount "89"]

1.e4 c5 2.Nf3 Nc6 3.c3 Nf6 4.e5 Nd5 5.d4 cxd4 6.cxd4 d6 7.Bc4 Nb6 8.Bb5 
Bd7 9.Nc3 dxe5 10.dxe5 g6 11.h3 Bg7 12.Qe2 O-O 13.O-O a6 14.Bd3 Be6 15.Rd1
Qc7 16.Bf4 Rad8 17.Rac1 Nd5 18.Bg3 Nxc3 19.bxc3 Qc8 20.Nd4 Bd5 21.f4 Nxd4 
22.cxd4 Qd7 23.Bf2 Rc8 24.Rc5 e6 25.Rdc1 Rxc5 26.Rxc5 Rc8 27.Qc2 Rxc5 28.
dxc5 Qc6 29.Be3 Bf8 30.Kh2 Be7 31.Kh1 Kf8 32.Kh2 Qc7 33.Qa4 Bc6 34.Qb4 Bd5
35.Qa4 Kg7 36.Qa3 Qc6 37.Bf1 Qd7 38.Be2 Be4 39.Qb4 Qc6 40.Bf1 Bd5 41.a3 
Bd8 42.Bd2 Bc7 43.Be3 Kf8 44.Kh1 Qd7 45.c6+ 1-0

[Event "11th EUR-ch"]
[Site "Rijeka CRO"]
[Date "2010.03.17"]
[Round "11"]
[White "Saric, Ivan"]
[Black "Morchiashvili, Bachana"]
[Result "1-0"]
[WhiteElo "2607"]
[BlackElo "2345"]
[EventDate "2010.03.06"]
[PlyCount "65"]

1.e4 c6 2.d4 d5 3.Nc3 dxe4 4.Nxe4 Bf5 5.Ng3 Bg6 6.h4 h6 7.Nf3 Nd7 8.h5 Bh7
9.Bd3 Bxd3 10.Qxd3 e6 11.Bd2 Ngf6 12.O-O-O Be7 13.Qe2 Qc7 14.Ne5 O-O 15.
Kb1 Rfe8 16.Ne4 Nxe5 17.Nxf6+ Bxf6 18.Bf4 Rad8 19.dxe5 Be7 20.Bc1 Rxd1 21.
Rxd1 Rd8 22.Rf1 b5 23.f4 Rd5 24.g4 a5 25.Qf3 Kh8 26.g5 Rd8 27.Qg4 Bc5 28.
Rf3 hxg5 29.fxg5 Qxe5 30.Rxf7 Qe1 31.Qf3 Rd1 32.Rf8+ Bxf8 33.Qxf8+ 1-0

[Event "11th EUR-ch"]
[Site "Rijeka CRO"]
[Date "2010.03.17"]
[Round "11"]
[White "Baumegger, Siegfried"]
[Black "Pelletier, Yannick"]
[Result "1/2-1/2"]
[WhiteElo "2442"]
[BlackElo "2611"]
[EventDate "2010.03.06"]
[PlyCount "54"]

1.Nf3 Nf6 2.c4 c5 3.Nc3 e6 4.g3 b6 5.Bg2 Bb7 6.O-O Be7 7.d4 cxd4 8.Qxd4 d6
9.Bg5 a6 10.Bxf6 Bxf6 11.Qf4 O-O 12.Rfd1 Be7 13.Ne4 Bxe4 14.Qxe4 Ra7 15.
Nd4 Re8 16.Rd2 Qc8 17.b3 Qc5 18.a4 Rd7 19.e3 a5 20.Qg4 Red8 21.Rad1 Bf6 
22.Nb5 g6 23.h4 Kg7 24.Nd4 Rc7 25.Nb5 Rcd7 26.Nd4 Rc7 27.Nb5 Rcd7 1/2-1/2

[Event "11th EUR-ch"]
[Site "Rijeka CRO"]
[Date "2010.03.17"]
[Round "11"]
[White "Arutinian, David"]
[Black "Gutov, Andrey"]
[Result "1/2-1/2"]
[WhiteElo "2576"]
[BlackElo "2437"]
[EventDate "2010.03.06"]
[PlyCount "120"]

1.d4 Nf6 2.c4 e6 3.Nc3 Bb4 4.e3 O-O 5.Ne2 d5 6.cxd5 exd5 7.g3 Re8 8.Bg2 a5
9.O-O Na6 10.a3 Bf8 11.Kh1 c6 12.f3 c5 13.g4 h6 14.h3 Nc7 15.dxc5 Bxc5 16.
Nd4 Ne6 17.Nce2 b6 18.Bd2 Ba6 19.Re1 Nxd4 20.Nxd4 Bxd4 21.exd4 Qd6 22.Re3 
Rac8 23.Rc1 Rxc1 24.Rxe8+ Nxe8 25.Qxc1 Qe6 26.Bf4 Bc4 27.Kh2 a4 28.Qd2 b5 
29.Kg1 Nf6 30.Kf2 Nd7 31.Bg3 f6 32.Qe3 Kf7 33.h4 g5 34.Qxe6+ Kxe6 35.Ke3 
Nb6 36.hxg5 hxg5 37.Bc7 Nc8 38.f4 gxf4+ 39.Kxf4 Ne7 40.Bh3 Ng6+ 41.Ke3 Ke7
42.Ba5 Kf7 43.Bb4 Nh4 44.Kf2 Ng6 45.Kg3 Bd3 46.Bd6 Ke6 47.Bc5 Kf7 48.Bg2 
Ke6 49.Bh3 Kf7 50.Bb4 Bc4 51.Kf3 Nh4+ 52.Ke3 Ng6 53.Bg2 Ke6 54.Be1 Nh8 55.
Bh3 Ke7 56.Bh4 Ng6 57.Bg3 Nf8 58.Bg2 Ne6 59.Bf3 Ng5 60.Bd1 Bb3 1/2-1/2

[Event "11th EUR-ch"]
[Site "Rijeka CRO"]
[Date "2010.03.17"]
[Round "11"]
[White "Vernay, Clovis"]
[Black "Nevednichy, Vladislav"]
[Result "1/2-1/2"]
[WhiteElo "2440"]
[BlackElo "2572"]
[EventDate "2010.03.06"]
[PlyCount "22"]

1.d4 g6 2.c4 Bg7 3.e4 c5 4.d5 d6 5.Nc3 e6 6.dxe6 Bxe6 7.Nb5 Ke7 8.Bf4 Be5 
9.Bg5+ Bf6 10.Bf4 Be5 11.Bg5+ Bf6 1/2-1/2

[Event "11th EUR-ch"]
[Site "Rijeka CRO"]
[Date "2010.03.17"]
[Round "11"]
[White "Delorme, Axel"]
[Black "Godena, Michele"]
[Result "1/2-1/2"]
[WhiteElo "2429"]
[BlackElo "2561"]
[EventDate "2010.03.06"]
[PlyCount "39"]

1.e4 e5 2.Nf3 Nc6 3.Bb5 a6 4.Ba4 Nf6 5.O-O b5 6.Bb3 Bc5 7.a4 Bb7 8.c3 d6 
9.d3 h6 10.Nh4 g5 11.Nf5 Ne7 12.Nxe7 Qxe7 13.axb5 axb5 14.Rxa8+ Bxa8 15.
Na3 Bxa3 16.bxa3 Kf8 17.c4 bxc4 18.Bxc4 d5 19.exd5 Nxd5 20.Re1 1/2-1/2

[Event "11th EUR-ch"]
[Site "Rijeka CRO"]
[Date "2010.03.17"]
[Round "11"]
[White "Zavhorodnii, Serhii"]
[Black "Medvegy, Zoltan"]
[Result "1-0"]
[WhiteElo "2409"]
[BlackElo "2556"]
[EventDate "2010.03.06"]
[PlyCount "79"]

1.e4 c5 2.b3 b6 3.f4 Bb7 4.Nc3 g6 5.Bb2 Bg7 6.Qf3 Nc6 7.O-O-O Nd4 8.Qe3 
Nf6 9.Nge2 e5 10.fxe5 Ng4 11.Qg3 h5 12.Nxd4 Bxe5 13.Qf3 Bxd4 14.Nb5 Bxb2+ 
15.Kxb2 O-O 16.Nd6 Bc6 17.d4 cxd4 18.Rxd4 a6 19.Be2 Qe7 20.h3 Ne5 21.Qf4 
Kg7 22.Rf1 Rh8 23.h4 b5 24.Qg3 Kf8 25.Qc3 Rh7 26.Qc5 Kg8 27.g3 f6 28.c4 
Nf7 29.cxb5 axb5 30.Bxb5 Qe5 31.Qxe5 fxe5 32.Bxc6 dxc6 33.Rd2 g5 34.Nxf7 
Rxf7 35.Rxf7 Kxf7 36.hxg5 Kg6 37.Rd6+ Kxg5 38.Rxc6 Kg4 39.Rc3 Rf8 40.b4 
1-0

[Event "11th EUR-ch"]
[Site "Rijeka CRO"]
[Date "2010.03.17"]
[Round "11"]
[White "Potapov, Pavel"]
[Black "Cvitan, Ognjen"]
[Result "1/2-1/2"]
[WhiteElo "2427"]
[BlackElo "2550"]
[EventDate "2010.03.06"]
[PlyCount "27"]

1.e4 c5 2.c3 Nf6 3.e5 Nd5 4.d4 cxd4 5.cxd4 d6 6.Nf3 Nc6 7.Bc4 Nb6 8.Bb5 
dxe5 9.Nxe5 Bd7 10.Nxd7 Qxd7 11.O-O e6 12.Nc3 Rd8 13.Bg5 Be7 14.Bxe7 
1/2-1/2

[Event "11th EUR-ch"]
[Site "Rijeka CRO"]
[Date "2010.03.17"]
[Round "11"]
[White "Damljanovic, Branko"]
[Black "Caspi, Israel"]
[Result "1-0"]
[WhiteElo "2550"]
[BlackElo "2426"]
[EventDate "2010.03.06"]
[PlyCount "177"]

1.c4 f5 2.Nf3 g6 3.Nc3 Nf6 4.g3 Bg7 5.Bg2 O-O 6.O-O d6 7.d4 Nc6 8.d5 Na5 
9.Qd3 e5 10.dxe6 Bxe6 11.b3 Nc6 12.Ba3 h6 13.Rad1 Qd7 14.Nb5 Bf7 15.Nfd4 
a6 16.Bxc6 bxc6 17.Nc3 c5 18.Nc2 f4 19.gxf4 Nh5 20.Bc1 Be6 21.Kh1 Nxf4 22.
Bxf4 Rxf4 23.Ne3 Qf7 24.f3 Rd4 25.Qc2 Re8 26.Rg1 Bc8 27.Ne4 Kh8 28.Rdf1 
Bb7 29.Ng2 g5 30.Ng3 Be5 31.Ne1 Rh4 32.Rg2 Rf8 33.e3 Qe6 34.Qd2 Qh3 35.Kg1
Qe6 36.Rff2 Re8 37.Nd3 Bg7 38.Nf1 Rh3 39.Rg3 Rxg3+ 40.hxg3 Rf8 41.Qe2 Re8 
42.Qd1 Kg8 43.g4 Rf8 44.Qe2 h5 45.gxh5 Qh3 46.Nh2 Qxh5 47.Kf1 Qh3+ 48.Ke1 
Qf5 49.e4 Qh3 50.Kd2 Bd4 51.Rg2 Kf7 52.Rxg5 Ke8 53.Qg2 Qh6 54.Kc2 Kd7 55.
Qg4+ Kc6 56.Rh5 Qf6 57.Qg5 Qxg5 58.Rxg5 Rh8 59.Rg2 Kb6 60.Nc1 Rh3 61.Nd3 
Be3 62.Kd1 Bg1 63.Rxg1 Rxh2 64.Nc1 Rf2 65.Rg3 Ka5 66.Ne2 Bc8 67.Ke1 Rh2 
68.Rg8 Be6 69.Re8 Bf7 70.Re7 Bh5 71.Ng1 Rxa2 72.Rxc7 Kb4 73.Rh7 Be8 74.
Rb7+ Kc3 75.Ne2+ Kc2 76.Rb6 a5 77.Rxd6 Ra1+ 78.Kf2 Kxb3 79.e5 a4 80.e6 Rh1
81.Rd8 Bc6 82.Rc8 a3 83.Rxc6 a2 84.e7 Rh2+ 85.Ke3 a1=Q 86.e8=Q Kc2 87.Qe4+
Kd1 88.Qd3+ Ke1 89.Qc3+ 1-0

[Event "11th EUR-ch"]
[Site "Rijeka CRO"]
[Date "2010.03.17"]
[Round "11"]
[White "Drazic, Sinisa"]
[Black "Ris, Robert"]
[Result "1/2-1/2"]
[WhiteElo "2545"]
[BlackElo "2422"]
[EventDate "2010.03.06"]
[PlyCount "56"]

1.e4 e5 2.Nf3 Nc6 3.Bb5 Bc5 4.O-O Nd4 5.Nxd4 Bxd4 6.c3 Bb6 7.d4 c6 8.Ba4 
d6 9.Be3 Nf6 10.f3 d5 11.exd5 Nxd5 12.Bf2 exd4 13.Bxd4 O-O 14.Bb3 Ne3 15.
Bxe3 Bxe3+ 16.Kh1 Qh4 17.Qe1 Qh6 18.Na3 Bf5 19.Nc4 Bf4 20.g3 Rfe8 21.Qf2 
Bc7 22.Rfe1 Be6 23.Re2 b5 24.Nd2 Bxb3 25.Rxe8+ Rxe8 26.Nxb3 Bb6 27.Re1 Rd8
28.Qe2 Qd6 1/2-1/2

[Event "11th EUR-ch"]
[Site "Rijeka CRO"]
[Date "2010.03.17"]
[Round "11"]
[White "San Segundo Carrillo, Pablo"]
[Black "Malakhov, Igor"]
[Result "1/2-1/2"]
[WhiteElo "2534"]
[BlackElo "2425"]
[EventDate "2010.03.06"]
[PlyCount "105"]

1.d4 Nf6 2.Nf3 g6 3.c4 c5 4.d5 Bg7 5.Nc3 d6 6.e4 O-O 7.h3 e6 8.Bd3 exd5 9.
cxd5 b5 10.O-O b4 11.Nb1 Ba6 12.Bxa6 Nxa6 13.Qd3 Nc7 14.Nbd2 Re8 15.Re1 
Nd7 16.Nc4 Nb6 17.Bg5 f6 18.Bf4 Nxc4 19.Qxc4 Qd7 20.Rad1 Rad8 21.Kh2 Na8 
22.Qc2 Nb6 23.g4 Qf7 24.Qc1 Qf8 25.h4 Nd7 26.Qc2 Ne5 27.Kg3 Bh6 28.Qc1 
Bxf4+ 29.Qxf4 Nxf3 30.Qxf3 Qe7 31.Qf4 Rc8 32.b3 c4 33.Rd4 cxb3 34.axb3 a5 
35.Re3 Rf8 36.Rd2 Rc5 37.Rf3 Kg7 38.Kg2 Qe5 39.Qxe5 fxe5 40.Rxf8 Kxf8 41.
Ra2 h6 42.g5 h5 43.f4 exf4 44.Kf3 Rc3+ 45.Kxf4 Rh3 46.Rxa5 Rxh4+ 47.Ke3 
Rg4 48.Ra8+ Ke7 49.Ra7+ Ke8 50.Ra6 Ke7 51.Ra7+ Ke8 52.Ra8+ Ke7 53.Ra7+ 
1/2-1/2

[Event "11th EUR-ch"]
[Site "Rijeka CRO"]
[Date "2010.03.17"]
[Round "11"]
[White "Holzke, Frank"]
[Black "Buss, Ralph"]
[Result "0-1"]
[WhiteElo "2526"]
[BlackElo "2416"]
[EventDate "2010.03.06"]
[PlyCount "72"]

1.e4 c5 2.Nf3 d6 3.d4 cxd4 4.Nxd4 Nf6 5.Nc3 a6 6.Bg5 e6 7.f4 Qb6 8.Qd2 
Qxb2 9.Rb1 Qa3 10.Be2 Nbd7 11.O-O Qc5 12.Kh1 Be7 13.f5 e5 14.Ne6 fxe6 15.
fxe6 Nb6 16.Rxf6 Bxf6 17.Bxf6 gxf6 18.Qh6 Qxc3 19.Qxf6 Bxe6 20.Qxe6+ Kd8 
21.Rd1 Nd7 22.Bg4 Kc8 23.Qxd7+ Kb8 24.Qxd6+ Ka7 25.Rb1 Qd4 26.Qc7 Rab8 27.
h3 h5 28.c3 Qd8 29.Qxd8 Rbxd8 30.Be6 Rd2 31.Bd5 Rh7 32.a4 h4 33.Be6 Rg7 
34.Bg4 Rc7 35.Rf1 Rxc3 36.Rf5 Ra2 0-1

[Event "11th EUR-ch"]
[Site "Rijeka CRO"]
[Date "2010.03.17"]
[Round "11"]
[White "Jovanovic, Zoran"]
[Black "Baron, Tal"]
[Result "1-0"]
[WhiteElo "2526"]
[BlackElo "2415"]
[EventDate "2010.03.06"]
[PlyCount "87"]

1.e4 c5 2.Nc3 Nc6 3.Bb5 Nd4 4.Bc4 e6 5.Nge2 Nf6 6.O-O a6 7.d3 b5 8.Bb3 
Nxb3 9.axb3 Bb7 10.Bg5 d6 11.f4 Be7 12.f5 Qd7 13.Ng3 h6 14.fxe6 fxe6 15.
Bxf6 Bxf6 16.Qh5+ Qf7 17.Qxf7+ Kxf7 18.e5 dxe5 19.Nce4 Bxe4 20.Nxe4 Ke7 
21.Ra5 Rhc8 22.Rfa1 c4 23.dxc4 bxc4 24.b4 c3 25.bxc3 Rc4 26.Re1 Kd7 27.Kf2
Kc6 28.Ke3 Kb6 29.Kd3 Rc7 30.c4 Rd8+ 31.Kc3 Rd4 32.c5+ Kb7 33.Kb3 Be7 34.
c3 Rd3 35.Kc2 Rd5 36.Rea1 Rc6 37.b5 Rc8 38.c6+ Kc7 39.Rxa6 Rxb5 40.Ra7+ 
Kd8 41.Rxe7 Kxe7 42.Ra7+ Kf8 43.Nd6 Rcb8 44.c7 1-0

[Event "11th EUR-ch"]
[Site "Rijeka CRO"]
[Date "2010.03.17"]
[Round "11"]
[White "Janssen, Ruud"]
[Black "Schroll, Gerhard"]
[Result "1-0"]
[WhiteElo "2516"]
[BlackElo "2411"]
[EventDate "2010.03.06"]
[PlyCount "111"]

1.d4 f5 2.Nc3 d5 3.Bg5 c6 4.e3 Qb6 5.a3 Nd7 6.Bd3 g6 7.h4 Nh6 8.h5 Nf7 9.
Nf3 Bg7 10.h6 Bf6 11.Bxf6 exf6 12.b4 Nd6 13.Na4 Qc7 14.Nc5 Nxc5 15.dxc5 
Nf7 16.Nd4 Qe7 17.Qe2 Ne5 18.f4 Nxd3+ 19.cxd3 Kf7 20.Kf2 Re8 21.Rh3 Bd7 
22.Qc2 a6 23.Qc3 Ra7 24.Nb3 Qe6 25.Qd4 Qe7 26.Rhh1 Be6 27.Rab1 Rd8 28.Rb2 
Re8 29.a4 Rea8 30.Qc3 Bd7 31.Re2 Re8 32.Nd2 Be6 33.e4 dxe4 34.dxe4 Bd5 35.
Rhe1 fxe4 36.Nxe4 Bxe4 37.Rxe4 Qxe4 38.Rxe4 Rxe4 39.Qb3+ Re6 40.f5 gxf5 
41.Qg3 Re8 42.Qg7+ Ke6 43.Qxh7 a5 44.g4 fxg4 45.Qe4+ Kf7 46.Qxe8+ Kxe8 47.
h7 axb4 48.h8=Q+ Kf7 49.Qb8 Rxa4 50.Qxb7+ Kg6 51.Qxc6 Ra3 52.Qe4+ Kg5 53.
Qxb4 Rf3+ 54.Kg2 f5 55.c6 f4 56.Qc5+ 1-0

[Event "11th EUR-ch"]
[Site "Rijeka CRO"]
[Date "2010.03.17"]
[Round "11"]
[White "Jurcik, Marian"]
[Black "Reutsky, Sergei"]
[Result "1-0"]
[WhiteElo "2510"]
[BlackElo "2404"]
[EventDate "2010.03.06"]
[PlyCount "115"]

1.Nf3 d5 2.d4 Nf6 3.c4 dxc4 4.e3 Bg4 5.Bxc4 e6 6.Nc3 a6 7.O-O Nc6 8.Be2 
Bd6 9.Nd2 Bxe2 10.Qxe2 O-O 11.Nc4 b5 12.Nxd6 cxd6 13.Bd2 d5 14.Rfc1 Qd6 
15.Nd1 Rfc8 16.f3 Ne7 17.Nf2 Rxc1+ 18.Rxc1 Rc8 19.Qd1 Rc6 20.Nd3 Qc7 21.
Rxc6 Qxc6 22.Bb4 Nf5 23.Qd2 Nd7 24.Bc5 e5 25.Qa5 Qc8 26.dxe5 Nxc5 27.Qc3 
Nxe3 28.Qxc5 Qxc5 29.Nxc5 a5 30.b3 Nd1 31.a4 bxa4 32.bxa4 Nb2 33.Kf2 Nc4 
34.f4 f6 35.exf6 gxf6 36.Ke2 Kf7 37.Kd3 Ke7 38.Kd4 Kd6 39.g4 Nb6 40.Nb7+ 
Ke7 41.Nxa5 Nxa4 42.Kxd5 Nc3+ 43.Kd4 Nd1 44.Ke4 Nc3+ 45.Kf5 Nb5 46.Nc4 Kf7
47.h4 h6 48.h5 Nd4+ 49.Ke4 Nb5 50.Ne3 Kg7 51.Kd5 Nc3+ 52.Ke6 Ne2 53.Nd5 
Nd4+ 54.Ke7 Nc6+ 55.Ke8 Nd4 56.Kd7 Kf7 57.Ne7 Kg7 58.Nf5+ 1-0

[Event "11th EUR-ch"]
[Site "Rijeka CRO"]
[Date "2010.03.17"]
[Round "11"]
[White "Martic, Zlatko"]
[Black "Sebenik, Matej"]
[Result "0-1"]
[WhiteElo "2404"]
[BlackElo "2504"]
[EventDate "2010.03.06"]
[PlyCount "50"]

1.d4 Nf6 2.c4 g6 3.Nc3 Bg7 4.e4 d6 5.Nge2 a6 6.Ng3 c6 7.a4 a5 8.Be2 O-O 9.
O-O Na6 10.Bg5 e5 11.d5 Nc5 12.Ra3 h6 13.Be3 h5 14.Bg5 Qb6 15.Bxh5 Nxh5 
16.Nxh5 gxh5 17.Qxh5 f5 18.Bh6 Qc7 19.Qg6 f4 20.dxc6 bxc6 21.Rd1 Rf6 22.
Qe8+ Kh7 23.Bxg7 Kxg7 24.Ne2 Rb8 25.Qh5 Nxe4 0-1

[Event "11th EUR-ch"]
[Site "Rijeka CRO"]
[Date "2010.03.17"]
[Round "11"]
[White "Berkovich, Mark"]
[Black "Horvath, Adam"]
[Result "1/2-1/2"]
[WhiteElo "2401"]
[BlackElo "2501"]
[EventDate "2010.03.06"]
[PlyCount "61"]

1.Nf3 Nf6 2.d4 e6 3.Bg5 b6 4.Nbd2 h6 5.Bxf6 Qxf6 6.e4 d6 7.c3 Qd8 8.Bd3 
Be7 9.Qe2 Nd7 10.O-O O-O 11.Rfe1 Bb7 12.Rad1 c6 13.Ba6 Qc8 14.Bxb7 Qxb7 
15.Nf1 Rfe8 16.Ng3 Bf8 17.e5 d5 18.Nh4 b5 19.f4 b4 20.f5 exf5 21.Nhxf5 Nf6
22.Rd3 bxc3 23.bxc3 Nh7 24.Qd2 Kh8 25.Rf1 c5 26.Nh5 cxd4 27.cxd4 g6 28.
Nxh6 Bxh6 29.Qxh6 gxh5 30.Qxh5 Rg8 31.Qxf7 1/2-1/2

[Event "11th EUR-ch"]
[Site "Rijeka CRO"]
[Date "2010.03.17"]
[Round "11"]
[White "Prohaszka, Peter"]
[Black "Hamitevici, Vladimir"]
[Result "1/2-1/2"]
[WhiteElo "2501"]
[BlackElo "2401"]
[EventDate "2010.03.06"]
[PlyCount "66"]

1.d4 Nf6 2.c4 c5 3.d5 b5 4.Nf3 g6 5.cxb5 a6 6.Qc2 d6 7.e4 Bg7 8.Nc3 O-O 9.
a4 Nbd7 10.Bd2 e6 11.dxe6 fxe6 12.e5 dxe5 13.bxa6 Bxa6 14.Bxa6 Rxa6 15.O-O
Qa8 16.Rfe1 Rb8 17.Rab1 c4 18.Nxe5 Nxe5 19.Rxe5 Nd5 20.Re2 Rb3 21.h3 Rab6 
22.Qe4 Qc6 23.Rbe1 Nc7 24.Qxc6 Rxc6 25.Bf4 Kf7 26.Bxc7 Rxc7 27.Rxe6 Bxc3 
28.bxc3 Rxc3 29.R6e3 Rc2 30.R3e2 Rxe2 31.Rxe2 c3 32.Re1 Kf6 33.Kf1 Kf5 
1/2-1/2

[Event "11th EUR-ch"]
[Site "Rijeka CRO"]
[Date "2010.03.17"]
[Round "11"]
[White "Bajarani, Ulvi"]
[Black "Stern, Rene"]
[Result "1/2-1/2"]
[WhiteElo "2395"]
[BlackElo "2501"]
[EventDate "2010.03.06"]
[PlyCount "55"]

1.e4 e5 2.Nf3 Nc6 3.Bb5 a6 4.Ba4 Nf6 5.Qe2 b5 6.Bb3 Be7 7.O-O O-O 8.a4 Rb8
9.axb5 axb5 10.d3 d6 11.Nc3 Bg4 12.Be3 Nb4 13.h3 Bd7 14.Nh2 c5 15.f4 Qc7 
16.fxe5 dxe5 17.Ng4 Nxg4 18.hxg4 Qc8 19.Ra7 Rb7 20.Rxb7 Qxb7 21.g5 Be6 22.
Bxe6 fxe6 23.Rxf8+ Bxf8 24.Kh2 Qc6 25.b3 Be7 26.Bc1 Qb6 27.Nd1 Nc6 28.g4 
1/2-1/2

[Event "11th EUR-ch"]
[Site "Rijeka CRO"]
[Date "2010.03.17"]
[Round "11"]
[White "Manea, Alexandru"]
[Black "Benidze, Davit"]
[Result "0-1"]
[WhiteElo "2392"]
[BlackElo "2499"]
[EventDate "2010.03.06"]
[PlyCount "70"]

1.d4 Nf6 2.Nf3 e6 3.c4 Bb4+ 4.Bd2 Bxd2+ 5.Nbxd2 O-O 6.g3 d6 7.Bg2 Qe7 8.
O-O e5 9.e4 c5 10.d5 Bg4 11.Qc2 Bxf3 12.Nxf3 Nbd7 13.Ne1 a6 14.a4 Rab8 15.
a5 g6 16.Nd3 Nh5 17.Rae1 Qd8 18.Qd2 f5 19.exf5 gxf5 20.f4 e4 21.Nf2 Ndf6 
22.Bh3 Ng7 23.g4 b5 24.axb6 Qxb6 25.gxf5 Qb3 26.Qc3 Qxc3 27.bxc3 Rfe8 28.
Re3 Kf7 29.Ra1 Ngh5 30.Bg2 Rb2 31.Nxe4 Nxe4 32.Bxe4 Nf6 33.Rae1 a5 34.Bd3 
Rxe3 35.Rxe3 a4 0-1

[Event "11th EUR-ch"]
[Site "Rijeka CRO"]
[Date "2010.03.17"]
[Round "11"]
[White "Danielsen, Henrik"]
[Black "Lekic, Dusan"]
[Result "1-0"]
[WhiteElo "2494"]
[BlackElo "2396"]
[EventDate "2010.03.06"]
[PlyCount "45"]

1.Nf3 c5 2.g3 Nc6 3.Bg2 g6 4.O-O Bg7 5.d3 e5 6.e4 Nge7 7.c3 O-O 8.Na3 d6 
9.Be3 h6 10.d4 exd4 11.cxd4 d5 12.dxc5 dxe4 13.Nd2 f5 14.Qb3+ Qd5 15.Ndc4 
Qf7 16.Nb5 Be6 17.Nbd6 Qf6 18.Qxb7 a6 19.Qb3 Rfb8 20.Qd1 Nd5 21.Qd2 Nxe3 
22.f3 Qe5 23.Nxe5 1-0

[Event "11th EUR-ch"]
[Site "Rijeka CRO"]
[Date "2010.03.17"]
[Round "11"]
[White "Sulashvili, Malkhaz"]
[Black "Zaslavsky, Mikhail"]
[Result "1-0"]
[WhiteElo "2490"]
[BlackElo "2391"]
[EventDate "2010.03.06"]
[PlyCount "53"]

1.d4 Nf6 2.Nf3 g6 3.c4 Bg7 4.g3 d5 5.cxd5 Nxd5 6.Bg2 O-O 7.O-O Nb6 8.Nc3 
Nc6 9.e3 Re8 10.Re1 e5 11.d5 Na5 12.e4 c6 13.b3 cxd5 14.exd5 f5 15.Ba3 e4 
16.Bb4 Nd7 17.Rc1 exf3 18.Rxe8+ Qxe8 19.Bxf3 b6 20.Nb5 Be5 21.Nc7 Bxc7 22.
d6 Nb7 23.Bd5+ Kf8 24.Qd4 Qe5 25.dxc7+ Kg7 26.Qxe5+ Nxe5 27.Bc3 1-0